| 000 | 01215nam0a2200337 4500 | ||
|---|---|---|---|
| 001 | RU\NLR\BIBL_A\022074031 | ||
| 005 | 20231208113044.0 | ||
| 010 |
_a978-5-04-179832-1 _92000 |
||
| 021 |
_aRU _bКН-П-23-065293 _9КН-П-23-6643 |
||
| 035 | _a(NLR Aleph) 022074031 | ||
| 090 |
_a12668838 _c12668838 |
||
| 100 | _a20231116d2023 u y0rusy50 ca | ||
| 101 | 1 |
_arus _cger |
|
| 102 | _aRU | ||
| 105 | _aa z 000ay | ||
| 181 | 0 |
_ai _baxxe |
|
| 182 | 0 | _an | |
| 200 | 1 |
_aВедьмы Тихого Ручья _iОтравленное сердце _fАйла Дейд _gперевод с немецкого А. Колиной |
|
| 203 |
_aТекст _bвизуальный _cнепосредственный |
||
| 210 |
_aМосква _cFreedom _cЭксмо _d2023 |
||
| 215 |
_a573, [1] с. _cил. _d21 |
||
| 225 | 1 |
_aYoung adult _iВедьмы Тихого Ручья |
|
| 333 | _a18+ | ||
| 675 |
_a821.112.2-31 _v4 |
||
| 686 | 1 | _aШ6(4Ф)07-445{Лх1359.2-62} | |
| 700 | 1 |
_7ca _8rus _aДейд _bА. _f1994- _gАйла _9259039 _3RU\NLR\AUTH\770259095 |
|
| 942 | _cBOOK | ||
| 980 | _aNB | ||